01428nam a22002534c 4500003000900000008004100009020001800050040003000068041001900098080001000117100002200127245005600149250002200205264004200227300004100269336002700310337003300337338002700370520069100397521002501088650002401113650002301137653001401160AR-BaSMT260406b2025 aga|||br|||| 000 1 spa d a9789877805291 aBSGBbespañolcBSBerda aspahespañol a82-341 aTirado, Míriam 10aSensible : bun cuento para abrazar lo que sentimos aPrimera edición 1aBuenos aires : bEdiciones B , c2025 a64 páginas ; bilustraciones color 2rdacontentatextobtxt 2rdamediaasin mediaciónbn 2rdacarrieravlumenbnc aDesde muy pequeña, Martina a menudo se siente incómoda. Unas veces es por la luz, que la ciega, o por un ruido que la asusta. Otras veces es por las costuras de la ropa, que se le clavan y casi parece que tenga pinches en la piel. Aunque sea difícil ser tan sensible, Martina descubrirá que, en realidad, tiene un superpoder. Gracias a su sensibilidad puede sentir, vivir y conectar con los demás con mayor intensidad. Todos somos sensibles, en mayor o menor medida. Un cuento sobre la sensibilidad que nos permitirá abrazar lo que sentimos y vivir siendo nosotros mismos.uhttps://www.abrecuentos.com/products/sensibles-un-cuento-para-abrazar-lo-que-sentimos 06/04/2026 aA partir de 7 años 7aLITERATURA INFANTIL 7aCUENTOzEspañola aEmociones